000 00642nam a2200241 i 4500
001 C2-0279999
003 PPAK
005 20180728011051.0
008 070531s2004 enka|||| ||||| | eng d
020 _a9628882775
040 _aPPAK
_beng
_cPPAK
_erda
082 0 4 _a032
_223
090 0 0 _a032
_bDAY
_dR
100 1 _aDay, Trevor,
_eauthor
245 1 0 _aTaiga
264 1 _aLondon :
_bEducational Technologies ,
_c2004
300 _a64 pages :
_bcolour illustrations ;
_c29 cm
336 _2rdacontent
_atext
337 _2rdamedia
_aunmediated
338 _2rdacarrier
_avolume
650 1 0 _aCuriosities and wonders.
942 _ddc
_cB
999 _c86584
_d86584